| 000 | 00775cam a22002654a 4500 | ||
|---|---|---|---|
| 001 | 11778504 | ||
| 003 | OSt | ||
| 005 | 20250417133407.0 | ||
| 008 | 990802s2000 mau b 001 0 eng | ||
| 010 | _a 99043581 | ||
| 020 | _a9780201616224 | ||
| 020 | _a020161622X | ||
| 035 | _a(DLC) 99043581 | ||
| 040 |
_aDLC _cKCST |
||
| 050 | 0 | 0 |
_aQA76.6 _b.H857 2000 |
| 082 | 0 | 0 |
_a005.1 _221 |
| 100 | 1 |
_aHunt, Andrew, _d1964- _95187 |
|
| 245 | 1 | 4 |
_aThe pragmatic programmer : _bfrom journeyman to master / _cAndrew Hunt, David Thomas. |
| 260 |
_aReading, Mass : _bAddison-Wesley, _c2000. |
||
| 300 |
_axxiv, 321 p. ; _c24 cm. |
||
| 504 | _aIncludes bibliographical references. | ||
| 650 | 0 |
_aComputer programming. _95188 |
|
| 700 | 1 |
_aThomas, David, _d1956- _95189 |
|
| 942 |
_2ddc _cBK |
||
| 999 |
_c7 _d7 |
||